000 00314nam a22001457a 4500
003 SGT
020 _a978-81-239-1748-1
082 _a614.1
_bF09W
100 _aWOOD, PHIL
245 _aFORENSIC MENTAL HEALTH NURSING
260 _aINDIA
_bCBS
_c2009
300 _a241
650 _aFORENSIC
942 _2ddc
_cBK
999 _c10913
_d10913